000 00386nam a2200121Ia 4500
008 220615s9999||||xx |||||||||||||| ||und||
245 0 _aNew Trends and Developments in Biometrics
546 _aEnglish[eng]
650 _aComputer security
700 _aYang, Jucheng||Juan Xie, Shan
856 _uhttps://mts.intechopen.com/storage/books/3120/authors_book/authors_book.pdf
942 _cEB
999 _c15541
_d15541